| 000 | 01719nam0a22004451 4500 | ||
|---|---|---|---|
| 001 | v19\rc\1989936 | ||
| 005 | 20260406125402.0 | ||
| 035 | _a(NLR Aleph) 005085965 | ||
| 090 |
_a7246265 _c7246265 |
||
| 100 | _a20251123 rusy50 | ||
| 101 | 0 | _arus | |
| 102 | _aRU | ||
| 105 | _aa b ||||| | ||
| 200 | 1 |
_aКаталог эльзевиров Библиотеки Московского и Румянцевского музея _fСост. С.И. Соколов, [ст. пом. библиотекаря] |
|
| 210 |
_aМосква _cтип. торг. д. Л.А. Малехонов и К° _d1915 (обл. 1916) |
||
| 215 |
_aX, 218, XVII с., 7 л. ил. _d24 |
||
| 300 | _aПарал. тит. л. на фр. яз. | ||
| 311 | _aВторое прил. к "Отчету Музея" за 1914 г. | ||
| 422 | 0 |
_12001#$aОтчет Музея$v1914 _tОтчет Музея |
|
| 700 | 1 |
_4220 _aСоколов _bС. И. _cбиблиотекарь _gСергей Иванович _9217812 _3RU\NLR\AUTH\770217868 |
|
| 712 | 0 | 2 |
_aМосковский публичный и Румянцевский музей _bБиблиотека _3RU\NLR\AUTH\8818614 _9310463 |
| 801 | 0 |
_aRU _bNLR _gpsbo |
|
| 801 | 0 |
_aRU _bRuMoRGB _2psbo |
|
| 801 | 1 |
_aRU _bProSoft-M _2rusmarc |
|
| 852 |
_aNLR _jРс Ж212/С594 |
||
| 899 |
_aRuMoRGB _jR 9/17 |
||
| 899 |
_aRuMoRGB _jR 246/47 |
||
| 899 |
_aRuMoRGB _jМК |
||
| 899 |
_aRuMoRGB _jКБ |
||
| 899 |
_aRuMoRGB _jЦСБ |
||
| 899 |
_aRuMoRGB _jКл 43/224 |
||
| 899 |
_aRuMoRGB _jV 107/550 |
||
| 899 |
_aRuMoRGB _jM 239/178 |
||
| 899 |
_aRuMoRGB _jW 268/119 |
||
| 899 | _aБАН | ||
| 899 | _aГПИБ | ||
| 899 | _aНБ МГУ | ||
| 942 | _cBOOK | ||
| 980 | _aNB | ||